Statistiques concernant Prénoms de filles le plus donné par région

Cliquez ici pour prendre le quiz!

Statistiques générales

  • Ce quiz a été pris 94 fois
  • Le résultat moyen est 7 sur 18

Réponses sur la Carte

Les réponses sont colorées sur une échelle allant du rouge au vert en fonction du pourcentage des utilisateurs qui les ont devinées à leur premier essai. Vous pouvez retrouver ces pourcentages ci-dessous.
 

Statistiques - réponses

PrénomsRégions% Correct
EmmaOccitanie
82%
EmmaÎle-de-France
82%
EmmaPays de la Loire
82%
EmmaProvence-Alpes-Côte d'Azur
82%
EmmaNouvelle Aquitaine
82%
LouiseGrand Est
67%
AlbaAuvergne-Rhône-Alpes
27%
AlbaBretagne
27%
AmbreHauts-de-France
27%
AmbreNormandie
27%
AmbreBourgogne-Franche-Comté
27%
AmbreCentre-Val de Loire
27%
MyaMartinique
23%
InayaGuyane
5%
InayaGuadeloupe
5%
InayaLa Réunion
5%
AssiaMayotte
4%
LiviaCorse
3%

Distribution des résultats

Percentile par nombre de réponses

% des personnes avec chaque résultat

Votre développement - résultats

Vous n’avez pas pris ce quiz